Declaración del PC de Uruguay sobre la situación del país y las campañas para la escalada fascista

Gardado en:
Detalles Bibliográficos
Formato: Texto
Etiquetas: Engadir etiqueta
Sen Etiquetas, Sexa o primeiro en etiquetar este rexistro!

MARC

LEADER 00000 a a2200000 04500
001 2630
003
040
245 |a Declaración del PC de Uruguay sobre la situación del país y las campañas para la escalada fascista  
773 |g número 97; páginas 90-92  
999 |c 21547  |d 21547